000
00416nam a22001697a 4500
003
MPLRDC
005
20220104114721.0
008
210129b ||||| |||| 00| 0 eng d
082
_a
521.16 ZXS
100
_a
中学生丛书编委会
245
_a
学会学习
_c
250
_a
第一版
260
_a
_b
马来西亚华校董事联合
_c
1992
300
_b
平
650
_a
学习方法
942
_c
BK
_o
521.16 ZXS
999
_c
9674
_d
9664